000 00626nam a2200229Ia 4500
003 OSt
005 20220918221219.0
006 a|||||r|||| 00| 0
007 ta
008 220917b |||||||| |||| 00| 0 eng d
024 _a148,801
037 _cTextual
040 _aARTS
_cARTS
_beng
041 _2eng
_aeng
082 _aTwM88, K3-;1
100 _aMakarenko Anton
_9139602
245 0 _aLife and work, articles, talks and reminiscences tr from the Russian by Bernard Isaacs
260 _c1963
650 _aEDUCATION
942 _hTwM88, K3-;1
_cTEXL
_2CC
999 _c271477
_d271477